| 000 | 00000nam 2200000zi 4500 |
| 001 | 9.936938 |
| 003 | CaOODSP |
| 005 | 20240417095018 |
| 006 | m o d f |
| 007 | cr mn||||||||| |
| 008 | 240417s2022 quc o f000 0 eng d |
| 040 | |aCaOODSP|beng|erda|cCaOODSP |
| 043 | |an-cn--- |
| 045 | |ay1y1 |
| 086 | 1 |aEm20-155/2022-1E-PDF |
| 245 | 00|aEvaluation summary : |bCanada Pension Plan Disability - reassessment element. |
| 264 | 1|a[Gatineau, Quebec] : |bEmployment and Social Development Canada = Emploi et développement social Canada, |c[2022] |
| 300 | |a1 online resource (1 page) |
| 336 | |atext|btxt|2rdacontent |
| 337 | |acomputer|bc|2rdamedia |
| 338 | |aonline resource|bcr|2rdacarrier |
| 500 | |aIssued also in French under title: Résumé de l'évaluation : Programme de prestations d'invalidité du Régime de pensions du Canada - élément de réévaluation. |
| 610 | 20|aCanada Pension Plan Disability Program|xEvaluation. |
| 650 | 0|aDisability retirement|xGovernment policy|zCanada|xEvaluation. |
| 650 | 0|aDisability insurance|zCanada|xEvaluation. |
| 655 | 7|aInfographics|2lcgft |
| 710 | 1 |aCanada. |bEmployment and Social Development Canada. |bEvaluation Directorate, |eissuing body. |
| 775 | 08|tRésumé de l'évaluation : |w(CaOODSP)9.936940 |
| 856 | 40|qPDF|s194 KB|uhttps://publications.gc.ca/collections/collection_2024/edsc-esdc/Em20-155-2022-1-eng.pdf |
| 856 | 4 |qHTML|sN/A|uhttps://www.canada.ca/en/employment-social-development/corporate/reports/evaluations/cpp-disability-summary.html |